67 Babynamen der Woche 19/25' - Statistiken

Allgemein
  • Dieses Quiz wurde 9 mal gespielt
  • Das Durchschnittsergebnis liegt bei 23 aus 67
Antwortstatistiken
📍 Vorname % Korrekt
Ad.m ♂️ Adam
100%
D.n..l ♂️ Daniel
78%
F.l.x ♂️ Felix
78%
L.o ♂️ Leo
78%
Ad.i.n ♂️ Adrian
67%
C.a.l.t.e ♀️ Charlotte
67%
F.d.r..o ♂️ Federico
67%
Ge.h..d ♂️ Gerhard
67%
Ha.s ♂️ Hans
67%
Im.n..l ♂️ Imanuel
67%
J.y ♂️ Jay
67%
J.s.f ♂️ Josef
67%
Ku.t ♂️ Kurt
67%
La.a ♀️ Lara
67%
Ma.c.l ♂️ Marcel
67%
F.i.d.i.h ♂️ Friedrich
56%
I.a ♀️ Ida
56%
K.a.s ♂️ Klaus
56%
M.n.e.a ♀️ Manuela
56%
M.r.e ♀️ Marie
56%
Ma.l.n ♂️ Marlon
56%
Ma.y ♀️ Mary
56%
Ma.u ♀️ Malu
44%
N.o ♂️ Neo
44%
O.k.r ♂️ Oskar
44%
Pi.t ♂️ Piet
44%
Al.a ♀️ Alma
33%
C.r..t..a ♀️ Christina
33%
El.s.n.e ♀️ Elisanne
33%
El.a ♀️ Ella
33%
F.l..a ♀️ Felina
33%
F.a.c..z.k ♂️ Franciszek
33%
Fr.e.a ♀️ Frieda
33%
Le.n.d.s ♂️ Leonidas
33%
Lu.a ♂️ Luca
33%
Pi.s ♂️ Pius
33%
S.b..t..n ♂️ Sebastian
33%
V.n.s.a ♀️ Vanessa
33%
Vi.c..t ♂️ Vincent
33%
C.r..t.s ♂️ Christos
22%
Io.n..s ♂️ Ioannis
22%
J.l.e ♀️ Jolie
22%
K.a.u ♂️ Keanu
22%
P.t..z..s ♂️ Patrizius
22%
R.b.r.o ♂️ Roberto
22%
T.e.d.r ♂️ Theodor
22%
A.d..a ♀️ Andrea
11%
E.i.e ♀️ Elise
11%
L.n.e ♂️ Lönne
11%
M.r.n..t ♀️ Marinett
11%
M.s.n ♂️ Mason
11%
M.s.s ♂️ Moses
11%
N..a ♀️ Nila
11%
Ni.a ♀️ Nora
11%
Ro.e ♀️ Rose
11%
Th.a ♀️ Thea
11%
Ve.a ♀️ Vera
11%
B.n.c.o ♂️ Benicio
0%
C.l..e ♀️ Calice
0%
Le.a ♀️ Leka
0%
Lo.s ♀️ Lois
0%
Ot.s ♂️ Otis
0%
P.b..s ♂️ Pebars
0%
Ri.a ♀️ Rika
0%
R.n.a ♀️ Ronja
0%
T.m.o ♂️ Tammo
0%
Za.n ♂️ Zayn
0%
Keine übereinstimmenden Quizze gefunden
Verteilung der Resultate
Anzahl Personen mit jedem Resultat
Perzentil nach korrekt beantworteten Fragen
Ihre Resultats-Entwicklung
Sie haben dieses Quiz noch nicht gespielt